KVB Köln: Linie 12 - Statistiken

Allgemein
  • Dieses Quiz wurde 150 mal gespielt
  • Das Durchschnittsergebnis liegt bei 20 aus 27
Antwortstatistiken
Haltestelle % Korrekt
Rudolfplatz
92%
Ebertplatz
91%
Barbarossaplatz
90%
Hansaring
90%
Christophstraße/Mediapark
88%
Friesenplatz
88%
Zülpicher Platz
87%
Eifelstraße
81%
Merkenich
81%
Zollstock Südfriedhof
81%
Niehl
79%
Neusser Straße/Gürtel
78%
Florastraße
75%
Lohsestraße
75%
Eifelplatz
73%
Fordwerke Nord
73%
Fordwerke Süd
73%
Fordwerke Mitte
72%
Scheibenstraße
70%
Gottesweg
66%
Mollwitzstraße
64%
Pohligstraße
64%
Herthastraße
63%
Wilhelm-Sollmann-Straße
61%
Zollstockgürtel
61%
Merkenich Mitte
58%
Geestemünder Straße
49%
Keine übereinstimmenden Quizze gefunden
Verteilung der Resultate
Anzahl Personen mit jedem Resultat
Perzentil nach korrekt beantworteten Fragen
Ihre Resultats-Entwicklung
Sie haben dieses Quiz noch nicht gespielt